000 00360nam a2200145Ia 4500
008 230917s9999||||xx |||||||||||||| ||und||
040 _e155960
_aMAIN
041 _aEnglish
082 _a512.243 W163W
100 _aWalnut, David F
245 0 _aIntroduction to wavelet analysis
260 _aNew Delhi
_bBirkhauser
_c2008
300 _a449 p.
942 _cBK
999 _c142613
_d142613